00789nam a2200193 a 450000100100000000500170001000800410002702000180006804000250008610000240011124501850013526000560032030000210037649000460039750000420044350400320048570000360051783000420055300003961420201002033639.0130711s2012 sp 000 0 spa d a9788497172264 aDO-SdBNPbspacBNPHU1 aGil Amate, Virginia10aSueños de unidad hispánica en el siglo XVIII :bun estudio de tardes americanas de José Joaquín Granados y Gálvez /cVirginia Gil Amante ; prólogo José Carlos Rovira. aMurcia, España :bUniversidad de Alicante,c2012. a284 p. ;c19 cm.1 aCuadernos de américa sin nombrevno. 30 aIncluye notas al pie de las páginas aBibliografía : p. 269-2841 aRovira, José Carlos,epról. 0aCuadernos de américa sin nombren30